Habitat management for conservation:a handbook of techniques (Record no. 1208354)

MARC details
000 -LEADER
fixed length control field 00958nam a2200289Ia 4500
003 - CONTROL NUMBER IDENTIFIER
control field OSt
005 - DATE AND TIME OF LATEST TRANSACTION
control field 20221007121029.0
008 - FIXED-LENGTH DATA ELEMENTS--GENERAL INFORMATION
fixed length control field 221006b |||||||| |||| 00| 0 eng d
020 ## - INTERNATIONAL STANDARD BOOK NUMBER
International Standard Book Number 9780198568735 (pbk)
037 ## - SOURCE OF ACQUISITION
Terms of availability Textbook
040 ## - CATALOGING SOURCE
Original cataloging agency BDL
Transcribing agency BDL
Language of cataloging eng
041 ## - LANGUAGE CODE
Source of code eng
Language code of text/sound track or separate title eng
100 ## - MAIN ENTRY--PERSONAL NAME
Personal name Ausden Malcolm
9 (RLIN) 710529
245 #0 - TITLE STATEMENT
Title Habitat management for conservation:a handbook of techniques
260 ## - PUBLICATION, DISTRIBUTION, ETC.
Place of publication, distribution, etc. Oxford
Name of publisher, distributor, etc. Oxfrord University Press
Date of publication, distribution, etc. 2007
490 ## - SERIES STATEMENT
Series statement Techniques in ecology and conservation series
500 ## - GENERAL NOTE
General note References 371-398p.; Index 399-411p.
650 ## - SUBJECT ADDED ENTRY--TOPICAL TERM
Topical term or geographic name entry element Consevation
9 (RLIN) 710530
650 ## - SUBJECT ADDED ENTRY--TOPICAL TERM
Topical term or geographic name entry element Habitat management
9 (RLIN) 710531
650 ## - SUBJECT ADDED ENTRY--TOPICAL TERM
Topical term or geographic name entry element Botany
942 ## - ADDED ENTRY ELEMENTS (KOHA)
Classification part I:5(U3), P7 Carb
Koha item type Textbook
Source of classification or shelving scheme Colon Classification (CC)
Holdings
Withdrawn status Lost status Source of classification or shelving scheme Damaged status Not for loan Home library Current library Date acquired Source of acquisition Total Checkouts Full call number Barcode Date last seen Price effective from Koha item type Public note
    Colon Classification (CC)     Department of Botany Library Department of Botany Library 2022-10-07 622, 04/12/2009, Dhanraj Book House   I:5(U3) P7 Carb BD0005414 2022-10-07 2022-10-07 Textbook {Reprint
Copyright @ Delhi University Library System